Lobbying for fair trade (Record no. 31628)

000 -LEADER
fixed length control field 00477pab a2200157 454500
008 - FIXED-LENGTH DATA ELEMENTS--GENERAL INFORMATION
fixed length control field 180718b1996 xxu||||| |||| 00| 0 eng d
100 ## - MAIN ENTRY--PERSONAL NAME
Personal name Wilkinson, Michael D.
245 ## - TITLE STATEMENT
Title Lobbying for fair trade
Remainder of title Northern NGDOS, the European Community and the GATT Uruguay Round.
260 ## - PUBLICATION, DISTRIBUTION, ETC.
Date of publication, distribution, etc. 1996
300 ## - PHYSICAL DESCRIPTION
Extent p.151-67
362 ## - DATES OF PUBLICATION AND/OR SEQUENTIAL DESIGNATION
Dates of publication and/or sequential designation Jun
650 ## - SUBJECT ADDED ENTRY--TOPICAL TERM
Topical term or geographic name entry element General Agreement for Trade and Tariff (GATT)
650 ## - SUBJECT ADDED ENTRY--TOPICAL TERM
Topical term or geographic name entry element International trade
773 ## - HOST ITEM ENTRY
Main entry heading Third World Quarterly
909 ## -
-- 31628
Holdings
Withdrawn status Lost status Damaged status Not for loan Permanent Location Current Location Date acquired Serial Enumeration / chronology Barcode Date last seen Price effective from Koha item type
        Indian Institute of Public Administration Indian Institute of Public Administration 2018-07-19 Volume no: 17, Issue no: 2 AR31808 2018-07-19 2018-07-19 Articles

Powered by Koha